Loading...
Science - Biology | 0 | 7 | 0 | 2 | 70 | 35 | 68.86 | 0 | 2 |
Literature - American Literature | 0 | 6 | 0 | 0 | 60 | 89 | 101.00 | 0 | 0 |
Religion | 0 | 6 | 1 | 1 | 55 | 18 | 74.33 | 2 | 2 |
Social Science | 0 | 5 | 0 | 0 | 50 | 46 | 71.40 | 1 | 3 |
Science - Physics | 0 | 5 | 0 | 1 | 50 | 68 | 84.00 | 0 | 4 |
Literature - British Literature | 0 | 5 | 0 | 0 | 50 | 47 | 72.00 | 0 | 2 |
Mythology | 0 | 5 | 1 | 0 | 45 | 46 | 74.60 | 1 | 2 |
Current Events | 0 | 4 | 0 | 2 | 40 | 47 | 87.50 | 0 | 0 |
History - Other History | 0 | 4 | 0 | 0 | 40 | 57 | 83.50 | 1 | 1 |
Literature - European Literature | 0 | 4 | 1 | 0 | 35 | 61 | 92.75 | 1 | 2 |
Science - Chemistry | 0 | 3 | 0 | 0 | 30 | 54 | 69.67 | 0 | 2 |
History - World History | 0 | 3 | 0 | 0 | 30 | 85 | 88.33 | 0 | 0 |
Literature - World Literature | 0 | 2 | 0 | 0 | 20 | 65 | 80.00 | 0 | 0 |
Fine Arts - Other Fine Arts | 0 | 2 | 0 | 0 | 20 | 74 | 79.50 | 0 | 1 |
History - American History | 0 | 2 | 0 | 1 | 20 | 87 | 89.50 | 0 | 0 |
Science - Other Science | 0 | 2 | 1 | 1 | 15 | 95 | 98.50 | 0 | 0 |
Painting/Sculpture | 0 | 2 | 1 | 0 | 15 | 80 | 87.50 | 0 | 0 |
Fine Arts - Classical Music | 0 | 1 | 0 | 0 | 10 | 78 | 78.00 | 0 | 0 |
Philosophy | 0 | 1 | 0 | 0 | 10 | 72 | 72.00 | 0 | 0 |
Pop Culture | 0 | 1 | 1 | 1 | 5 | 110 | 110.00 | 0 | 0 |